Statistics for World Capitals on a borderless World Map

Click here to take the quiz!

General Stats

  • This quiz has been taken 551 times
  • The average score is 139 of 200

Answers on the Map

Answers color-coded by a green-red scale on the quiz's map according to % correct below.
 

Answer Stats

Capital% Correct
Washington D.C.
95%
Ottawa
93%
Mexico City
90%
Moscow
90%
London
89%
Madrid
89%
Oslo
89%
Brasília
88%
Dublin
88%
Paris
88%
Tokyo
88%
Berlin
87%
Cairo
87%
Helsinki
87%
New Delhi
87%
Stockholm
87%
Athens
86%
Beijing
85%
Buenos Aires
85%
Canberra
85%
Lima
84%
Lisbon
84%
Santiago
84%
Seoul
84%
Ankara
83%
Bucharest
83%
Budapest
83%
Panama City
83%
Rome
83%
Amsterdam
82%
Brussels
82%
Havana
82%
Wellington
82%
Algiers
81%
Bogotá
81%
San Marino
81%
Sofia
81%
Vatican City
81%
Caracas
80%
Copenhagen
80%
Kiev
80%
Vienna
80%
Warsaw
80%
Bern
79%
Jerusalem
79%
Reykjavík
79%
Tallinn
79%
Tunis
79%
Bangkok
78%
Jakarta
78%
Manila
78%
Minsk
78%
Pyongyang
78%
Quito
78%
Riga
78%
Tehran
78%
Andorra la Vella
77%
Guatemala City
77%
Kingston
77%
Kingstown
77%
Luxembourg
77%
Monaco
77%
Montevideo
77%
Prague
77%
Rabat
77%
Zagreb
77%
Hanoi
76%
Islamabad
76%
Riyadh
76%
Singapore
76%
Tripoli
76%
Vaduz
76%
Vilnius
76%
Baghdad
75%
Belgrade
75%
Kabul
75%
Kuwait City
75%
Damascus
74%
La Paz
74%
Port-au-Prince
74%
Sarajevo
74%
Abu Dhabi
73%
Bratislava
73%
Nassau
73%
San José
73%
Baku
72%
Doha
72%
Georgetown
72%
Kuala Lumpur
72%
Pristina
72%
Taipei
72%
Valletta
72%
Astana
71%
Asunción
71%
Ljubljana
71%
Pretoria
71%
San Salvador
71%
Tbilisi
71%
Ulaanbaatar
71%
Addis Ababa
70%
Khartoum
70%
Kinshasa
70%
Mogadishu
70%
Sana'a
70%
Santo Domingo
70%
Tirana
70%
Beirut
69%
Muscat
69%
Tashkent
69%
Abuja
68%
Accra
68%
Cape Town
68%
Dakar
68%
Dhaka
68%
Djibouti
68%
Luanda
68%
Malé
68%
Nairobi
68%
Amman
67%
Chișinău
67%
Managua
67%
Phnom Penh
67%
Podgorica
67%
Yerevan
67%
Antananarivo
66%
Dili
66%
Freetown
66%
Kathmandu
66%
Nicosia
66%
Skopje
66%
Sri Jayawardenapura Kotte
66%
Paramaribo
65%
Port Moresby
65%
Belmopan
64%
Brazzaville
64%
Juba
64%
Manama
64%
Port-of-Spain
64%
São Tomé
64%
Windhoek
64%
Bishkek
63%
Tegucigalpa
63%
Ashgabat
62%
Vientiane
62%
Bamako
61%
Harare
61%
Kampala
61%
Lusaka
61%
Dushanbe
60%
Monrovia
60%
Suva
60%
Victoria
60%
Niamey
59%
Apia
58%
Bandar Seri Begawan
58%
Bridgetown
58%
Dodoma
58%
Kigali
58%
N'Djamena
58%
Port Louis
58%
Asmara
57%
Bangui
57%
Bissau
57%
Libreville
57%
Lomé
57%
Maputo
57%
Naypyidaw
57%
Praia
57%
Saint John's
57%
Banjul
56%
Saint George's
56%
Sucre
56%
Thimphu
56%
Conakry
55%
Basseterre
54%
Castries
54%
Gaborone
54%
Honiara
54%
Nouakchott
54%
Ouagadougou
54%
Funafuti
53%
Moroni
53%
Porto-Novo
53%
Port Vila
53%
Roseau
53%
Yaoundé
53%
Lilongwe
52%
Mbabane
51%
South Tarawa
51%
Yamoussoukro
51%
Bloemfontein
50%
Nukuʻalofa
49%
Maseru
48%
Palikir
48%
Malabo
47%
Ngerulmud
47%
Majuro
46%
Yaren
46%
Bujumbura
44%
Cotonou
24%

Score Distribution

Percentile by Number Answered

Percent of People with Each Score

Your Score History

You have not taken this quiz